000 01596cam a2200373 a 4500
999 _c250726
_d250726
001 15513512
003 OSt
005 20200616130958.0
008 081106s2010 njua 001 0 eng
010 _a 2008048608
015 _aGBA8D0841
_2bnb
016 7 _a014821154
_2Uk
020 _a9780205649297
020 _a0205649297
020 _a9780205649310 (annotated instructor's ed.)
020 _a0205649319 (annotated instructor's ed.)
035 _a(OCoLC)ocn268789195
040 _aDLC
_cDLC
_dYDX
_dBTCTA
_dYDXCP
_dUKM
_dDLC
050 0 0 _aPE1408
_b.B4933 2010
082 0 0 _a808/.042
_222
100 1 _aBiays, John Sheridan.
245 1 0 _aAlong these lines : writing paragraphs and essays /
_cJohn Sheridan Biays, Carol Wershoven.
250 _a5th ed.
260 _aUpper Saddle River, NJ :
_bPrentice Hall,
_cc2010.
300 _axviii, 670 p. :
_bill. (chiefly col.) ;
_c28 cm.
500 _aIncludes index.
650 0 _aEnglish language
_xRhetoric
_vProblems, exercises, etc.
650 0 _aEnglish language
_xGrammar
_vProblems, exercises, etc.
650 0 _aReport writing
_vProblems, exercises, etc.
700 1 _aWershoven, Carol.
906 _a7
_bcbc
_corignew
_d1
_eecip
_f20
_gy-gencatlg
942 _2lcc
_cBK